Geography of world affairs (Record no. 32982)

MARC details
000 -LEADER
fixed length control field 00266nam a2200121Ia 4500
082 ## - DEWEY DECIMAL CLASSIFICATION NUMBER
Classification number 327
Item number COL
100 ## - MAIN ENTRY--AUTHOR NAME
Personal name J P
245 #0 - TITLE STATEMENT
Title Geography of world affairs
250 ## - EDITION STATEMENT
Edition statement Ed.5
260 ## - PUBLICATION, DISTRIBUTION, ETC. (IMPRINT)
Place of publication Penguin
Year of publication 1979
942 ## - ADDED ENTRY ELEMENTS (KOHA)
Koha item type Books
Holdings
Withdrawn status Lost status Damaged status Not for loan Home library Current library Date acquired Cost, normal purchase price Full call number Accession Number Koha item type
        RRII Library RRII Library 16/12/2021 1.95 327 COL 13484 Books